[Event "Ambelokipi op 146th"]
[Site "Athens"]
[Date "2014.07.09"]
[Round "7"]
[White "Nteoudis, Konstantinos"]
[Black "Hatzistamatiou, Nikolaos"]
[Result "1-0"]
[WhiteElo "1774"]
[BlackElo "1615"]
[PlyCount "58"]
[EventDate "2014.06.30"]
[EventType "swiss"]
[EventRounds "7"]
[EventCountry "GRE"]
[SourceTitle "EXT 2016"]
[Source "ChessBase"]
[SourceDate "2015.10.08"]
[SourceVersion "1"]
[SourceVersionDate "2015.10.08"]
[SourceQuality "1"]

1. c4 Nf6 2. g3 g6 3. Bg2 Bg7 4. Nf3 0-0 5. 0-0 d6 6. Nc3 e5 7. d4 Nbd7 8. e4 c6 9. Rb1 exd4 10. Nxd4 Ne5 11. b3 Nfd7 12. f4 Ng4 13. h3 Qb6 14. Nce2 Nge5 15. Ba3 Nc5 16. fxe5 dxe5 17. Nf3 Nxe4+ 18. Kh2 Rd8 19. Qc2 Bf5 20. g4 Nc3 21. gxf5 Nxb1 22. Qxb1 e4 23. Qxe4 Re8 24. Qc2 Qe3 25. Ng3 Be5 26. Nxe5 Qxe5 27. Bb2 Qa5 28. fxg6 hxg6 29. Ne4 Re6 1-0

[Event "Ambelokipi op 114th"]
[Site "Athens"]
[Date "2011.06.25"]
[Round "4"]
[White "Nteoudis, Konstantinos"]
[Black "Stamiris, Gerasimos"]
[Result "1-0"]
[WhiteElo "1702"]
[BlackElo "1824"]
[PlyCount "59"]
[EventDate "2011.06.04"]
[EventType "swiss"]
[EventRounds "7"]
[EventCountry "GRE"]
[SourceTitle "EXT 2024"]
[Source "ChessBase"]
[SourceDate "2023.10.10"]
[SourceVersion "1"]
[SourceVersionDate "2023.10.10"]
[SourceQuality "1"]

1. e4 e6 2. d3 d5 3. Nc3 Nf6 4. Bg5 Be7 5. g3 h6 6. Bd2 b6 7. Bg2 Bb7 8. e5 Nfd7 9. d4 c5 10. Qg4 g6 11. f4 cxd4 12. Nce2 h5 13. Qf3 Nc6 14. Nh3 Bc5 15. 0-0-0 Qe7 16. Be1 Ba6 17. a3 Rc8 18. b4 d3 19. cxd3 Nd4 20. Nxd4 Bxd4+ 21. Kd2 Rc3 22. Ke2 Rxa3 23. Nf2 g5 24. Kf1 gxf4 25. gxf4 Qh4 26. Ne4 Qg4 27. Nd6+ Ke7 28. b5 Bc8 29. Bb4 Bc5 30. Bxa3 1-0

[Event "Ambelokipi op 093th "]
[Site "Athens"]
[Date "2009.01.10"]
[Round "1"]
[White "Kosmas Lekkas, Dimitrios"]
[Black "Nteoudis, Konstantinos"]
[Result "1-0"]
[WhiteElo "2112"]
[BlackElo "1589"]
[PlyCount "95"]
[EventDate "2009.01.10"]
[EventType "swiss"]
[EventRounds "4"]
[EventCountry "GRE"]
[SourceTitle "EXT 2024"]
[Source "ChessBase"]
[SourceDate "2023.10.10"]
[SourceVersion "1"]
[SourceVersionDate "2023.10.10"]
[SourceQuality "1"]

1. d4 Nf6 2. c4 e6 3. Nc3 Bb4 4. Qc2 0-0 5. a3 Bxc3+ 6. Qxc3 d5 7. Bg5 h6 8. Bh4 Nbd7 9. e3 c5 10. cxd5 cxd4 11. Qxd4 Qa5+ 12. Qd2 Qxd2+ 13. Kxd2 Nxd5 14. Nf3 N7f6 15. Bd3 Rd8 16. Ke2 Bd7 17. Ne5 Ba4 18. f3 Rac8 19. Rac1 g5 20. Bf2 Nd7 21. Rxc8 Rxc8 22. Nxd7 Bxd7 23. Kd2 f5 24. Rc1 Rxc1 25. Kxc1 Kf7 26. Kd2 b6 27. g3 Bc6 28. e4 Ne7 29. Bd4 g4 30. Ke3 gxf3 31. Kxf3 fxe4+ 32. Bxe4 Bxe4+ 33. Kxe4 Nc6 34. Be3 Kg6 35. Bd2 h5 36. a4 a6 37. Be3 b5 38. axb5 axb5 39. Bd2 b4 40. Bf4 Kf6 41. Bd6 b3 42. h3 Kg5 43. Be5 Na5 44. Bf4+ Kf6 45. Bd2 Nc6 46. Kf4 e5+ 47. Ke4 Ke6 48. Bc3 1-0

[Event "Ambelokipi op 88th"]
[Site "Athens"]
[Date "2008.06.04"]
[Round "2"]
[White "Nteoudis, Konstantinos"]
[Black "Draci, Robert"]
[Result "0-1"]
[WhiteElo "1529"]
[BlackElo "2166"]
[PlyCount "60"]
[EventDate "2008.06.02"]
[EventType "swiss"]
[EventRounds "7"]
[EventCountry "GRE"]
[SourceTitle "EXT 2010"]
[Source "ChessBase"]
[SourceDate "2010.11.25"]
[SourceVersion "1"]
[SourceVersionDate "2010.11.25"]
[SourceQuality "1"]

1. e4 c5 2. Nf3 d6 3. d4 cxd4 4. Nxd4 Nf6 5. Nc3 a6 6. Be3 e5 7. Nf3 Be7 8. Bc4 0-0 9. 0-0 Be6 10. Bb3 Nc6 11. Qe2 Qc7 12. Rad1 h6 13. Nh4 Kh7 14. Nf5 b5 15. Nd5 Bxd5 16. Bxd5 Rac8 17. g4 Ng8 18. g5 Nd8 19. gxh6 g6 20. Qg4 Nf6 21. Qg3 Ne6 22. Bxe6 fxe6 23. Nxe7 Qxe7 24. Bg5 Rxc2 25. Qb3 Rc4 26. Qa3 Rxe4 27. Bxf6 Qxf6 28. Rxd6 Qg5+ 29. Kh1 Rxf2 30. Rg1 Rxh2+ 0-1